[Event "It"]
[Site "Tilburg"]
[Date "1996.??.??"]
[Round "?"]
[White "Shirov, Alexei"]
[Black "Polgar, Ju"]
[Result "1-0"]
[WhiteElo "2685"]
[BlackElo "2665"]
[Annotator "NN"]
[PlyCount "65"]
[EventDate "1996.??.??"]
[SourceDate "2003.04.06"]

{68/212} 1. e4 {Shirov. Shirov: ' '} 1... c5 2. Nf3 d6 3. d4 cxd4 4. Nxd4 Nf6
5. Nc3 a6 6. Be2 e6 7. O-O Be7 8. f4 O-O 9. Be3 Qc7 10. g4 {'!' Shirov.} 10...
Re8 (10... Nc6 {- 68/(212)}) (10... b5 {- 68/(212)} 11. g5 Nfd7 12. Bd3 (12. f5
$6 {Shirov} 12... b4 13. fxe6 bxc3 14. exf7+ Kh8 $5 (14... Rxf7 $2 {Shirov} 15.
Rxf7 Kxf7 16. Ne6 $2 (16. Qf1+ $1 {Shirov} 16... Nf6 (16... Kg8 $2 {Shirov} 17.
Bc4+ $18) 17. Bc4+ Ke8 18. gxf6 Bxf6 19. bxc3 Bb7 (19... Nc6 {Shirov} 20. Bd5
Bd7 21. Nxc6 Bxc6 22. Qc4 Rc8 23. Bxc6+ Qxc6 24. Qe6+ Be7 25. Bg5 Qd7 26. Qg8+
Bf8 27. Rf1 Qg4+ 28. Kh1 Qxe4+ 29. Kg1 Kd7 30. Rf7+ Kc6 31. Rxf8 Qg4+ 32. Kf2
Rxf8+ 33. Qxf8 Qxg5 34. Qc8+ Kd5 35. Qxa6 Qf4+ 36. Kg2 Qd2+ 37. Kg3 Qg5+ 38.
Kf2 Qh4+ 39. Kg2 Qe4+ 40. Kg3 Qg6+ 41. Kf3 Qe4+ {
1/2-1/2 Rohl,J-Suba,M/Anibal op4th 1997}) 20. Ne6 Qe7 21. Qh3 Bxe4 22. Bb6 $18)
16... Qc6 17. Bh5+ Kg8 18. Bf7+ Kxf7 19. Qf3+ Nf6 $19 {
0-1 Pogats,J-Orgovan,S/HUN-chT 1992 (42)}) 15. Ne6 Qb7 16. Bd4 Ne5 17. Nxf8
Bxf8 18. Bxc3 Qxe4 $132) 12... Re8 13. Qh5 g6 14. Qh4 b4 15. Nce2 Bb7 16. Rf3
h5 17. Ng3 Bf8 18. Nxh5 gxh5 19. Qxh5 Bg7 20. f5 exf5 21. Nxf5 Nf8 22. Nxg7
Kxg7 23. Bd4+ Re5 24. Raf1) (10... d5 {(Shirov) Boensch} 11. e5 (11. exd5 {
Shirov} 11... Nxd5 12. Nxd5 exd5 13. Bd3 Bc5 14. c3 Nc6 15. f5 Re8 $11 {
1-0 Renner,C-Siepelt,H/Bayern-ch 1991 (43)}) 11... Ne4 12. Nxe4 (12. Bd3 {
Shirov} 12... Nxc3 13. bxc3 Qxc3 14. Rb1 $132 {
1-0 Lauk,U-Odeev,H/Moscow olm 1994 (36)}) 12... dxe4 13. Qe1 (13. g5 {Shirov}
13... Rd8 $1 (13... Nc6 {Shirov} 14. c3 Bc5 15. Qc2 b5 16. Qxe4 Bb7 17. Bf3 $14
{1/2-1/2 Bologan,V-Novikov,I/New York op 1993 (45)}) 14. c3 Nd7 15. Qc2 Nc5 16.
Rad1 b5 17. Nb3 Bb7 18. Rxd8+ Rxd8 19. Nxc5 Bxc5 $15 {
1/2-1/2 Nevednichy,V-Timoshchenko,G/Biel op 1994 (44)}) 13... b5 14. Rc1 Nd7
15. c4 b4 16. Nb3 a5 17. c5 a4 18. Nd2 Bb7 $11 {
1-0 Olafsson,F-Stein,L/Stockholm izt 1962 (31)}) (10... Nfd7 {(Shirov) Boensch}
11. g5 Nc6 12. f5 Nde5 (12... Nxd4 {Shirov} 13. Qxd4 Re8 14. fxe6 $1 fxe6 15.
Bh5 Rf8 16. Rxf8+ Bxf8 17. Rf1 Ne5 18. Nd5 $1 Qd8 19. Nb6 $16 {
Short,N-Ljubojevic,L Novi Sad olm (11) ENG-JUG 1990 1-0 43}) 13. f6 Bd8 14. Bd3
Nxd4 15. Bxd4 Qa5 16. fxg7 Kxg7 17. Kh1 Bb6 18. Bxe5+ Qxe5 19. Qh5 Be3 20. Rf3
Bxg5 21. Rg1 f6 22. h4 {1-0 Sutovskij,E-Polgar,J/Tilburg Fontys 1996}) 11. f5
$5 $146 {'!?' Shirov.} (11. g5 {- 62/267} 11... Nfd7 12. Bd3 (12. Bh5 {Shirov}
12... g6 (12... Bf8 $4 {Shirov} 13. Bxf7+ $1 Kxf7 14. Qh5+ Ke7 15. f5 $18) (
12... Nc6 $2 {Shirov} 13. Bxf7+ $1 Kxf7 14. Qh5+ $18) 13. Bg4 Bf8 (13... Nc6 $2
{Shirov} 14. Nxe6 $1 fxe6 15. Bxe6+ $16) (13... Bd8 $5 {Shirov} 14. Qd2 $6 Nc6
15. Rad1 Nxd4 16. Bxd4 b5 17. Qf2 Bb7 18. Rd3 Nf8 19. b4 Qc4 20. a3 Rc8 21. Qh4
h5 22. Bxh5 gxh5 23. Qxh5 Qxd4+ $3 $17 {
Xie Jun-Bischoff,K Baden Baden-B (08) 1992 0-1 34}) 14. f5 (14. Qf3 {Shirov}
14... Nc6 15. Qh3 Nb6 16. f5 exf5 17. exf5 d5 18. Rad1 Bc5 $132 {
Zigouris,H-Rychagov,M Katerini op 1992 0-1 28}) (14. a4 {Shirov} 14... Nc6 15.
Qe2 Nxd4 16. Bxd4 b6 17. Qf2 Bb7 18. Rae1 Re7 19. h4 Rae8 20. Bh3 e5 21. fxe5
Nxe5 $10 {Polgar,J-Polugaevsky,L (3) Aruba m 1991 1/2 28}) 14... Ne5 15. fxe6
fxe6 (15... Bxe6 $2 {Shirov} 16. Bxe6 fxe6 17. Nxe6 $1 Rxe6 18. Qd5 Qc4 19.
Qxb7 Qc6 20. Rxf8+ $1 Kxf8 21. Qxh7 $18) 16. Rf6 Nxg4 17. Qxg4 Nc6 $2 18. Nxc6
bxc6 19. e5 $1 $16 {Shirov,A-Anand,V Buenos Aires 1994 1-0 47}) (12. f5 {Shirov
} 12... Ne5 13. f6 Bf8 14. fxg7 Bxg7 15. Bh5 b5 16. Nce2 Bb7 17. Ng3 Nbd7 18.
c3 Nc5 19. Qc2 Re7 20. Rad1 Rd8 21. Nf3 Nc4 22. Bf4 Nd7 23. Qe2 Nf8 24. b3 Ne5
25. Nxe5 dxe5 26. Be3 Ng6 27. Rxd8+ Qxd8 28. Bxg6 hxg6 29. h4 Qc7 30. c4 bxc4
31. bxc4 Rd7 32. c5 Bf8 33. Rc1 Qc6 34. h5 a5 35. Qf2 Bg7 36. h6 Bf8 37. Qf6
Kh7 38. Qxe5 Qa4 39. Qf4 Qa3 40. c6 {1-0 Arakhamia,K-Palac,M/WchT 4th 1997})
12... Nc6 13. Qh5 g6 14. Qh4 Bf8 15. Rf3 Bg7 16. Nde2 b5 17. Rh3 (17. Raf1 {
Shirov} 17... Bb7 18. Rh3 Nf8 19. f5 Ne5 20. f6 Bh8 21. Nf4 Rac8 22. Bd4 Red8
23. Bxe5 dxe5 24. Nxg6 fxg6 25. f7+ $18 {
Shchekachev,A-Newerovski,G Kstovo op (05) 1994 1-0 33 - EXP 42}) 17... Nf8 18.
f5 Ne5 19. f6 Bh8 20. a3) 11... Bf8 $6 (11... h6) 12. g5 Nfd7 {Shirov: #} 13.
Nxe6 $1 (13. fxe6 {(Shirov) Boensch} 13... fxe6 14. Bh5 g6 15. Bg4 Ne5 16. Rf6
(16. Nxe6 {Shirov} 16... Rxe6 $1 $8 17. Nd5 Qd8 18. Nb6 Nxg4 19. Qxg4 Re8 20.
Qf3 Be6 21. Nxa8 Nd7 $17) 16... Nxg4 17. Qxg4 Nd7 18. Rxe6 (18. Raf1 {Shirov}
18... Ne5 19. Qh3 Bg7 20. Nxe6 Qd7 21. Nd5 Rxe6 22. Qxe6+ Qxe6 23. Rxe6 Bxe6
24. Nc7 Nc4 25. Bf4 Bh3 $15) 18... Ne5 19. Rxe8 Nxg4 20. Rf1 Qf7 21. Rxf7 Kxf7
22. Rxf8+ Kxf8 23. Bf4 Ne5 24. Bxe5 dxe5 25. Nf3 Be6 26. Nxe5 {
1/2-1/2 Nevednichy,V-Nisipeanu,L/Bucharest Ciocaltea 1995}) 13... fxe6 14. Bh5
$18 g6 (14... Qd8 15. fxe6 Nc5 (15... Ne5 16. Bf7+ Kh8 17. Bxe8 Qxe8 18. Nd5)
16. Bf7+ Kh8 17. Bxe8 Qxe8 18. Bxc5 dxc5 19. Nd5 Ra7 20. Qh5 g6 21. Qf3 Bg7 22.
e7 Kg8 23. Qb3 Kh8 24. Nf6) (14... Re7 15. fxe6 Nb6 16. Qf3 Qd8 17. Bxb6 Qxb6+
18. Rf2) (14... Rd8 15. fxe6 Ne5 16. Nd5 Qc4 17. e7 Bxe7 18. Nxe7+ Kh8 19. Qxd6
) 15. fxg6 Re7 (15... hxg6 {(Shirov) Boensch} 16. Bxg6 Re7 17. Qh5 $18) 16. Nd5
$1 exd5 17. Qxd5+ Kh8 18. gxh7 $1 (18. Rxf8+ $6 Nxf8 19. Rf1 Nxg6 $1 (19... Ne6
20. Bd4+ Kg8 (20... Rg7 21. Rf7 $18) 21. Qf5 $1 Qd7 22. Qf6 Rg7 23. Bg4 Qe7 24.
gxh7+ Rxh7 25. Bxe6+ Bxe6 26. Qg6+ Rg7 27. Bxg7 Qxg7 28. Qxe6+ Kh8 29. Qe8+ Kh7
30. Rf7 $18) 20. Bd4+ (20. Bxg6 $2 Be6 21. Bd4+ Kg8 22. Bxh7+ Kxh7 23. g6+ Kg8
24. Qh5 Rg7) 20... Re5 21. Bxg6 Qe7 22. Bxe5+ (22. Rf7 Qxg5+ 23. Kf2 Qh4+ 24.
Kg1 Qg5+ $11) 22... dxe5 23. Bxh7 Qxg5+ 24. Kh1 Nc6 (24... Kxh7 25. Qf7+ Qg7
26. Qh5+ Kg8 27. Qe8+ Kh7 28. Qxc8 $18) 25. Rg1 Qxg1+ 26. Kxg1 Kxh7 27. Qf7+
$16) 18... Rxh7 (18... Kxh7 {(Shirov) Boensch} 19. Rf7+ Kh8 20. Bd4+ Re5 21.
Bg6 $1 Bg7 22. Rxg7 Rxd5 (22... Kxg7 {Shirov} 23. Qf7+ Kh8 24. Qh7#) 23. Rh7+
Kg8 24. Rh8#) (18... Rg7 {(Shirov) Boensch} 19. Bd4 Kxh7 (19... Ne5 {Shirov}
20. Rxf8+ Kxh7 21. g6+ Nxg6 22. Bxg6+ Kxg6 (22... Rxg6+ {Shirov} 23. Kh1 $18)
23. Rh8 $18) 20. Qf5+ Kh8 21. Bg6 $18) 19. Bg6 $5 (19. g6 $1 Rg7 20. Bg4 Rxg6
21. Bd4+ Nf6 (21... Ne5 22. Rxf8+ Kh7 23. Bxe5 Rxg4+ 24. Kh1 dxe5 25. Rf7+ Rg7
26. Rxc7 Rxc7 27. Qxe5) 22. Rxf6 Rxf6 23. Bxf6+ Bg7 24. Qh5+ Kg8 25. Qe8+ Kh7
26. Bxc8 Bxf6 27. Bf5+) 19... Bg7 (19... Qc6 20. Rxf8+ Nxf8 21. Bd4+ Rg7 22.
Bxg7+ Kxg7 23. Qf7+ Kh8 24. Qxf8#) (19... Rg7 20. Bd4 Nc6 (20... Qd8 {
(Shirov) Boensch} 21. Rf4 $18) 21. Rf4) (19... Re7 20. Rf4) 20. Bxh7 Qd8 (20...
Kxh7 21. g6+ Kxg6 (21... Kh8 {(Shirov) Boensch} 22. Qh5+ Kg8 23. Qh7#) 22. Qf5#
) 21. Bf5 (21. Qf7 $1 Kxh7 (21... Ne5 22. Qh5 Bg4 23. Qh4) 22. Qh5+ Kg8 23. g6
Nf6 (23... Nf8 24. Rxf8+ Kxf8 25. Rf1+ Ke8 26. Qd5 Qe7 27. Qg8+ Kd7 28. Rf7)
24. Rxf6 Qxf6 25. Rf1) 21... Ne5 22. Qd1 Bxf5 (22... Qe8 23. g6) (22... Kg8 23.
Qh5 Bxf5 24. exf5) 23. exf5 Qe8 24. g6 Ng4 (24... Nxg6 25. Qh5+ Kg8 26. Rae1)
25. Bd4 Qe4 (25... Nf6 {(Shirov) Boensch} 26. Re1 Qd7 (26... Qf8 {Shirov} 27.
Bxf6 $18) 27. Re6 $18) 26. f6 Nc6 (26... Nxf6 27. Qh5+ $1 Kg8 (27... Nxh5 28.
Rf8#) 28. Bxf6 Qe3+ 29. Rf2) (26... Bxf6 27. Bxf6+ Nxf6 28. Rxf6) 27. fxg7+ Kg8
28. Rf8+ Rxf8 29. gxf8=Q+ Kxf8 30. Qf1+ Ke8 31. Qf7+ Kd8 32. Bb6+ Kc8 33. Qc7#
1-0

[Event "It"]
[Site "Wijk aan Zee"]
[Date "1996.??.??"]
[Round "?"]
[White "Shirov, Alexei"]
[Black "Adams, Michael"]
[Result "1-0"]
[WhiteElo "2690"]
[BlackElo "2660"]
[Annotator "NN"]
[PlyCount "69"]
[EventDate "1996.??.??"]
[SourceDate "2003.04.06"]

{65/121} 1. e4 c6 2. d4 d5 3. e5 Bf5 4. Nf3 e6 5. Be2 Nd7 6. O-O Ne7 7. Nh4 (7.
Be3 {- 65/(121)}) (7. Nbd2 {- 64/118}) 7... Be4 $5 $146 (7... c5 {- 60/125}) 8.
Nd2 Nf5 9. Nhf3 c5 10. c3 Be7 $6 (10... cxd4) (10... Qb6 $5) 11. g4 Bxf3 12.
Nxf3 Nh4 13. Nxh4 Bxh4 14. f4 $14 cxd4 15. cxd4 Be7 16. Be3 Qb6 17. Bd3 O-O 18.
Qe2 {/\ f5+/-} 18... f6 19. Kg2 $6 (19. Kh1 $1 Rf7 $1 (19... fxe5 $6 20. fxe5
Rxf1+ 21. Rxf1 Rf8 22. Rc1 $16 Qd8 $140 23. g5 $1 Bxg5 $2 24. Qh5 h6 (24... Bh6
25. Rg1 Kh8 26. Bxh6 gxh6 27. Bxh7 $18) 25. Qg6 Qb6 (25... Rf7 26. Qh7+ Kf8 27.
Rc8 Qxc8 28. Qh8+ Ke7 29. Bxg5+ hxg5 30. Qxc8 $18) (25... Bxe3 26. Qh7+ Kf7 27.
Bg6+ $18) 26. Bxg5 hxg5 27. Qh7+ Kf7 28. Qh5+ Ke7 29. Qxg5+ $18) (19... Rac8 $6
20. f5 $1 fxe5 21. fxe6 Qxe6 22. Bf5 $16) 20. Rg1 $5 $14 {/\ Rg3->}) 19... fxe5
20. fxe5 Rxf1 21. Rxf1 Rf8 22. Rc1 Qd8 23. Qc2 $5 (23. g5 $5 Bxg5 24. Qh5 Bh6
$1 (24... h6 25. Qg6 $18) 25. Bxh6 gxh6 26. Qxh6 Rf7 $1 (26... Qe7 $2 27. Rc7
$16) 27. Kh1 (27. Qxe6 $4 Qg5+ $19) 27... Nf8 28. Rg1+ Kh8 $11) 23... Bg5 $1 (
23... h6 24. Qc7 Bg5 25. Qxd8 Bxd8 $14) 24. Bxh7+ Kh8 25. Re1 Bxe3 (25... Bf4
$2 26. Bf2 Qg5 27. h3 $16) 26. Rxe3 Rf4 $2 (26... Qg5 27. Rg3 Qf4 28. Bd3 Kg8 (
28... Qxd4 $2 29. Rh3+ Kg8 30. Bh7+ Kf7 31. Qg6+ Ke7 32. Qg5+ $18) 29. Bh7+ (
29. Qc3 $6 Nb8 $1 $17) 29... Kh8 30. Bd3 Kg8 $11) 27. Rg3 $16 Rxd4 $2 (27...
Qh4 28. Bd3 Kg8 (28... Nf8 29. h3 $16) 29. Qc7 Nf8 30. h3 $16 {/\} 30... Rxd4
$2 31. Rf3 $18) (27... g5 28. Qg6 Rxd4 29. Qxe6 $1 (29. Qh5 Kg7 $1 $13) (29.
Bg8 Rd2+ 30. Kh1 (30. Kf1 Rxh2 $13) 30... Rd1+ 31. Kg2 Rd2+ $11) 29... Rd2+ 30.
Kf1 $1 (30. Kh3 Kxh7 31. Rf3 Qh8 $3 32. Qf7+ Qg7 33. e6 Ne5 34. Qh5+ Kg8 $11)
30... Rxh2 31. Bf5 $16) (27... Nf8 28. Qd2 g5 29. Bb1 Qb6 30. Rf3 $1 Rxg4+ 31.
Kh3 Rh4+ 32. Kg3 $16) 28. Qf2 $1 $18 Rb4 $6 29. Bg6 Qh4 (29... Qe7 30. Rh3+ Kg8
31. Bf7+ Qxf7 32. Rh8+ Kxh8 33. Qxf7 Rxb2+ (33... Rxg4+ 34. Kh3 $18) 34. Kg3
$18) 30. Qf7 Rxb2+ 31. Kf1 Nf6 32. Qf8+ $6 (32. exf6 Qxf6+ 33. Rf3) 32... Ng8
33. Rc3 {/\ Qg8} 33... Rb1+ 34. Bxb1 Qxg4 35. Qf3 1-0

[Event "It"]
[Site "Groningen"]
[Date "1996.??.??"]
[Round "7"]
[White "Korchnoi, Viktor"]
[Black "Shirov, Alexei"]
[Result "0-1"]
[WhiteElo "2635"]
[BlackElo "2685"]
[Annotator "Hübner"]
[PlyCount "84"]
[EventDate "1996.12.20"]
[SourceDate "2003.04.06"]

1. d4 {Shirov Hecht} 1... d5 2. c4 c6 3. Nf3 Nf6 4. Nc3 a6 5. g3 b5 6. c5 g6 7.
Bg2 Bg7 8. Ne5 O-O 9. O-O Be6 10. h3 Qc8 11. g4 {
Dieser Zug birgt Risiken, ist aber sicher spielbar.} (11. Kh2 Ne4 12. Nxe4 dxe4
13. Bxe4 Rd8 14. f4 Bxh3 15. Rf2 Be6 16. e3 f5 {
Das Opfer des Punktes e5 scheint mir unnotig.} (16... Bd5 $5) 17. Bf3 Bd5 18.
a4 Qe6 19. Qh1 Bxe5 20. fxe5 Bxf3 21. Qxf3 Nd7 22. Bd2 Nf8 {
mit unklarer Lage (1-0 Goldin,A-Bologan,V/New York op 1993 (63)).}) 11... h5
12. f3 Nh7 (12... Nbd7 $11 {Shirov}) 13. gxh5 ({Besser gefallt mir} 13. Bf4 $5
{Scharfes, aber fur Weis nicht ungunstiges Spiel entsteht, wenn Schwarz sofort
die Initiative zu ergreifen versucht:} 13... Nd7 (13... hxg4 14. hxg4 g5 15.
Bh2 f6 16. Ng6 (16. Nd3 f5 17. Be5 fxg4 18. e4 $13) 16... Re8 17. Qd3 $13) 14.
Nxd7 Qxd7 15. Qd2 $11 {fuhrt zu einer ruhigeren, ausgeglichenen Stellung.})
13... gxh5 14. Kh2 Nd7 15. Nxd7 (15. f4 $1 $14 {Shirov} 15... Nxe5 16. fxe5 f6
17. exf6 Nxf6 18. Bf4 $16) 15... Qxd7 16. Rg1 Kh8 17. e3 $6 {Diese plumpe
Attacke gegen den Bh5 auf Kosten des armen schwarzfeldrigen Laufers auf c1 ist
mir unverstandlich.} (17. Bf4 {gefolgt von 18.Dd2 fuhrt zu gleichem Spiel.})
17... Rg8 18. f4 (18. Bd2 $5) 18... Nf6 19. Qe1 (19. Bf3 {Shirov} 19... Bh6 $1)
(19. Ne2 {Shirov} 19... Bg4 $5 20. hxg4 (20. Qf1 Bxe2 21. Qxe2 Qf5 22. Bf3 Bh6
23. Bd2 Rxg1 24. Rxg1 Rg8 $15) 20... Nxg4+ 21. Kg3 Bf6 $1 $40) 19... Bh6 20.
Qh4 Rg7 21. Bd2 (21. Ne2 {Shirov} 21... Rag8 (21... Bf5 $5) 22. Bf3 Rxg1 23.
Nxg1 Bf5 $1 24. Bxh5 Nxh5 25. Qxh5 Kg7 $1 $44) 21... Rag8 22. Ne2 Rh7 23. Bf1 (
23. Bf3 Ng4+ (23... Bg4 $3 $17 {Shirov}) 24. Kh1 Bg7 25. Raf1 Bf6 26. Qe1 Bf5 {
ist naturlich hochst ungemutlich fur Weis.}) 23... Ne4 24. Rxg8+ Kxg8 25. Rd1
Bf5 (25... Bg4 $5 26. Ba5 Bg7 27. Rc1 Bf6 28. Qe1 Bf5 $15) (25... Bg7 $5 $15)
26. Bg2 (26. Ng3 $5) 26... Qe6 27. Bxe4 $2 {Dazu hatte ich mich nicht ohne
weiteres verstanden. Ich sehe keine Einwendungen gegen} (27. Bc1 {
gefolgt von Td1-g1.}) 27... Qxe4 28. Rg1+ Rg7 29. Ng3 $6 {
Danach geht Weis ohne groseren Kampf unter. Mehr Aussichten bot} (29. Qxh5 Qd3
(29... Qc2 30. Qxh6 Rxg1 31. Kxg1 Qxd2 32. Qg5+ Kf8 33. Qh6+ $11) 30. Be1 {
bietet als einziges Moglichkeiten zum Widerstand:} (30. Bc1 Rxg1 31. Kxg1 Qd1+
32. Kf2 Bd3 $19) (30. Ng3 Bg4 31. Qxh6 (31. hxg4 Qxd2+ 32. Rg2 Qxe3 $19) 31...
Bf3 $19) (30. Rxg7+ Bxg7 31. Bc3 (31. Bc1 Qc2 $19) 31... Be4 {
nebst Dd3xe3, und Schwarz gewinnt.}) 30... Bg6 {durfte das Starkste sein:} (
30... Qxe3 {scheitert an} 31. Ng3) (30... Bg4 31. Qxh6 Qxe2+ 32. Rg2 Qxe1 33.
Rxg4 (33. f5 f6 {bedeutet keine Verbesserung fur Weis.}) 33... Rxg4 34. hxg4
Qe2+ 35. Kh1 Qxg4 36. Qxc6 Qh3+ 37. Kg1 Qxe3+ 38. Kg2 Qxd4 39. Qc8+ Kg7 40. c6
{Der starke c-Bauer sollte dem Weisen das Remis verburgen.}) (30... Rxg1 31.
Nxg1 Qxe3 32. Qxh6 ({Nach} 32. Qxf5 Qxe1 {kann Weis seine schwachen Bauern auf
den schwarzen Feldern (d4, f4) nicht mehr ausreichend verteidigen.}) 32... Qxe1
33. Qg5+ Bg6 34. Nf3 Qf2+ 35. Qg2 Qe3 36. Qg4 {
scheint mir auch nicht allzu gewinntrachtig fur Schwarz zu sein.}) 31. Qf3 Qc2
32. b4 Bd3 33. Rg2 Be4 34. Rxg7+ Bxg7 35. Qf2 Qxa2 36. Nc3 Qxf2+ 37. Bxf2 Bc2 {
Schwarz hat vorzugliche Gewinnaussichten, zum Beispiel:} 38. Bh4 {
Andernfalls setzt Schwarz mit Lg7-f6 nebst e7-e6 und Lf6-d8 fort.} 38... Kf8
39. Kg2 Ke8 {und die Drohung a6-a5 b4xa5 b5-b4 (eventuell nach weiterer
Vorbereitung mit Ke8-d7, e7-e6 usw.) ist auf die Dauer kaum befriedigend zu
parieren.}) 29... Qc2 30. Rg2 (30. Qxh5 $1 {Shirov Kortschnoj} 30... Qxd2+ 31.
Rg2 Qxe3 32. Qxh6 Qf3 (32... Qxd4 $4 33. Qxg7+) 33. Qh5 Be4 $1 34. Qxf3 Bxf3
35. Rg1 Kf8 $13) 30... Be4 31. Nxe4 {
Danach ist Weis definitiv verloren, aber auch nach} (31. Rf2 Qb1 32. Re2 ({Nach
} 32. Bc3 Kh7 {gibt es keine Verteidigung mehr gegen die Drohung Tg7xg3.})
32... Rg6 33. b4 Bg7 34. Re1 (34. Qxe7 Qd1 $19) 34... Qxa2 (34... Qc2 35. Nxe4
Qxe4 36. Qf2) 35. Nxe4 dxe4 36. Re2 Qb1 37. Be1 Qd3 38. Qxh5 Qd1 39. h4 e6 {
sind seine Tage gezahlt.}) (31. Re2 Qd3 32. Rf2 Qb1 {kommt auf dasselbe hinaus.
}) 31... Rxg2+ 32. Kxg2 dxe4 33. Qf2 Qxb2 34. Ba5 Qxf2+ 35. Kxf2 {# Hecht  schl
echter wL bei einem Minusbauern.  Gewinnplan fur Schwarz: B-Durchbrauch e5
nachVorbereitung  (Aktivierung des K nach f5 und des L nach h4)} 35... e6 36.
Bd8 (36. Ke2 {Shirov} 36... Kf8 37. Kd2 Ke8 $17) 36... Kg7 37. Ke2 Kg6 38. Kd2
Kf5 39. Bc7 (39. Kc3 {Shirov} 39... Bxf4 40. exf4 Kxf4 41. Kb4 e3 42. Ka5 Ke4
43. Kb6 Kd5 $19) 39... Bg7 40. Kc3 Bf6 41. Kb4 ({Nach} 41. Kd2 Bh4 42. Ke2 (42.
Kc2 Be1 43. Kd1 Bb4 $19) (42. Bd6 Bd8 $19) 42... Be7 (42... Bg3 {Hecht} 43. Kf1
f6 44. Ke2 e5 45. fxe5 fxe5 46. Kd2 h4 47. Bd8 exd4 48. exd4 Ke6 49. Ke3 Kd5
50. Ba5 Bh2 51. Bd8 Bg1+ 52. Ke2 Bxd4 53. Bxh4 Kxc5 $19) 43. Kd2 f6 44. Ke2 Bf8
45. Kd2 e5 46. Bd6 Bg7 {dauert der Gewinnprozes ein wenig langer, doch hat
Weis mit einem Minusbauern und seinen weisfeldrigen Schwachen auf die Dauer
naturlich keine Rettungsaussichten.}) 41... Bh4 42. Ka5 Bf2 (42... Bf2 {Hecht}
43. Kxa6 (43. Kb6 Bxe3 44. Kxc6 Bd2 45. Kd7 e3 46. c6 e2 47. Be5 e1=Q 48. c7
Qc1 49. c8=Q Qxc8+ 50. Kxc8 Bxf4 $19) 43... Bxe3 44. Ba5 $132 {# Hecht  Gesucht
wird ein uberzeugender Gewinn fur Schwarz.  Beispiele: (Variante B riecht nach
Gewinn. Bitte prufen!)} (44. Kb7 {Shirov} 44... Bd2 $19) 44... Bc1 $6 (44... e5
$6 45. d5 Bxc5 46. dxc6 Bd6 47. fxe5 Bxe5 48. c7 Bxc7 49. Bxc7 e3 50. Kxb5 Ke4
51. a4 e2 52. Bg3 f5 53. a5 f4 54. Bh4 f3 55. a6 Ke3 $14) (44... Bxd4 $5 45.
Kb6 Kxf4 46. Kxc6 e3 47. Kxb5 Ke4 48. c6 Be5 49. c7 (49. a4 f5 50. Be1 f4 51.
a5 f3 52. a6 f2 $19) 49... Bxc7 50. Bxc7 f5 51. a4 f4 52. a5 f3 53. a6 f2 54.
a7 f1=Q+ $19) 45. Kb6 e3 46. Be1 Bd2 47. Bg3 e2 48. Kxc6 e1=Q 49. Bxe1 Bxe1 50.
Kxb5 Bg3 51. a4 Bxf4 52. a5 Bb8 53. a6 $18 {verkehrte Welt}) 0-1